Malayan Horror : macabre tales of Singapore and Malaysia in the 50s

Bibliographic Details
Main Author: Othman Wok
Format: Book
Published: Singapore : Heinemann Asia , 1991

MARC

LEADER 00000cam a2200000 7i4500
001 0000003272
002 000003529
005 20000330.0
020 |a 9971642425 
090 0 0 |a F   |b OTH 
100 0 |a Othman Wok 
245 1 0 |a Malayan Horror :   |b macabre tales of Singapore and Malaysia in the 50s   |c Othman Wok 
260 |a Singapore :   |b Heinemann Asia ,   |c 1991 
300 |a 208p. ;   |c 17cm. 
999 |a 036839   |b BUKU   |c FICTION   |e PERPUSTAKAAN KOMUNITI PETALING JAYA 
999 |a 115536   |b BUKU   |c FICTION   |e PERPUSTAKAAN KOMUNITI PETALING JAYA